| 000 | 00771cam a22002415a 4500 | ||
|---|---|---|---|
| 001 | 015347624 | ||
| 003 | OSt | ||
| 005 | 20201128024248.0 | ||
| 008 | 090806s2009 enka frb 001 0 eng d | ||
| 020 | _a9781843982180 | ||
| 040 |
_aStDuBDS _beng _cStDuBDS _dUk _dEG-ScBUE |
||
| 082 | 0 | 4 |
_a658 _222 _bHOR |
| 100 | 1 | _aHorn, Roy. | |
| 245 | 1 | 4 |
_aThe business skills handbook / _cRoy Horn. |
| 260 |
_aLondon : _bChartered Institute of Personnel and Development, _c2009. |
||
| 300 |
_axxi, 508 p. : _bill. ; _c25 cm. |
||
| 504 | _aIncludes bibliographical references and index. | ||
| 650 | 7 |
_aIndustrial management. _2BUEsh _91569 |
|
| 650 | 7 |
_aBusiness. _2BUEsh _919142 |
|
| 653 |
_bBUSADM _bGGEN _cMarch2018 |
||
| 690 | 7 |
_aManagement and Business Studies _2blcoll |
|
| 942 | _2ddc | ||
| 999 |
_c26249 _d26221 |
||